000 00530nam a22002177a 4500
003 UA-OsUOA
001 53481
007 ta
008 20080403b un ||||| |||| 00| 0 ukr d
100 _aФільчагова М.
090 _a72
_bФ-12
942 _cSA
040 _aUA-OsUOA
_bukr
_cUA-OsUOA
_dUA-OsUOA
245 _aАнтичні мотиви в архітектурі Львова
300 _aС.9-10
955 _a0
041 _aukr
080 _a72
773 0 _w53480
650 7 _a72 Архітектура
_2UDC
999 _c339570
_d339570